000 01491nam0a2200337 4500
001 RU\NLR\BIBL_A\011867679
005 20181227100336.0
010 _a978-5-17-111846-4
_95000
021 _aRU
_bКН-П-18-082187
_9КН-П-18-5952
035 _a(NLR Aleph) 011867679
035 _a(RuMoRGB)009792668
090 _a12187546
_c12187546
100 _a20181121d2018 b y0rusy50 ca
101 0 _arus
102 _aRU
105 _aa|||z|||000gy
200 1 _aУрок вежливости
_e[стихи
_eдля дошкольного возраста]
_eкнижка-игрушка с вырубкой]
_fС. Маршак
_g[художники С. Бордюг и Н. Трепенок]
210 _aМосква
_cМалыш
_cАСТ
_d2018
215 _a[10] с.
_cцв. ил.
_d28
225 1 _aСерия "Большие книжки для маленьких"
333 _a0+
686 0 _aШ9(2)60=Р7-5
700 1 _7ca
_8rus
_aМаршак
_bС. Я.
_f1887-1964
_gСамуил Яковлевич
_9114767
_3RU\NLR\AUTH\774792
702 1 _4040
_7ca
_8rus
_aБордюг
_bС. И.
_cхудожник
_f1953-
_gСергей Иванович
_928664
_3RU\NLR\AUTH\7745729
702 1 _4040
_7ca
_8rus
_aТрепенок
_bН. А.
_cхудожник
_f1953-
_gНаталья Альфонсовна
_966878
_3RU\NLR\AUTH\7783950
942 _cBOOK
980 _aNBR
980 _aNB